Επιχειρηματικότητα και επιχειρηματικές αποφάσεις : διερεύνηση στο πλαίσιο της διεθνούς βιβλιογραφίας και της ελληνικής πραγματικότητας

Αποθηκεύτηκε σε:
Λεπτομέρειες βιβλιογραφικής εγγραφής
Κύριος συγγραφέας: Παπαδόπουλος, Δημήτριος Λ.
Μορφή: Βιβλίο
Γλώσσα:Greek
Δημοσίευση: Θεσσαλονίκη : Εκδόσεις Πανεπιστημίου Μακεδονίας, 2009.
Θέματα:
Ετικέτες: Προσθήκη ετικέτας
Δεν υπάρχουν, Καταχωρήστε ετικέτα πρώτοι!

MARC

LEADER 00000cam a2200000 i 4500
001 1/47980
008 140523s2009 gr | ||| |||| ||gre||
020 |a 9789608396470 
035 |l 10117750 
040 |a GR-MyUa  |b gre  |e AACR2 
041 0 |a gre 
082 7 |2 (23) 
100 1 |a Παπαδόπουλος, Δημήτριος Λ. 
245 1 0 |a Επιχειρηματικότητα και επιχειρηματικές αποφάσεις :   |b διερεύνηση στο πλαίσιο της διεθνούς βιβλιογραφίας και της ελληνικής πραγματικότητας /   |c Δημήτριος Λ. Παπαδόπουλος. 
260 |a Θεσσαλονίκη :   |b Εκδόσεις Πανεπιστημίου Μακεδονίας,   |c 2009. 
300 |a xviii, 869 σ.   |c 24 εκ. 
504 |a Περιλαμβάνει βιβλιογραφικές παραπομπές. 
650 4 |a Business  |x Decision making. 
650 4 |a Entrepreneurship  |z Greece. 
852 |a INST  |b SYROS  |c EUDOXUS  |e 20140523  |h 658.421 ΠΑΠ  |p 005500011435  |q 005500011435  |t EDX  |y 0 
852 |a INST  |b SYROS  |c EUDOXUS  |e 20140523  |h 658.421 ΠΑΠ  |p 005500011436  |q 005500011436  |t EDX  |y 0 
901 |a BIBL5-2014-1 
920 |a Εύδοξος  |b Παραγγελία  |y Σύρος-ΤΜΣΠΣ  |z 2013-04 
970 |a Κοντού  |b Παρασκευή  |z 23/05/2014